Văn học Chăm khái luận : Nghiên cứu, phê bình văn học
Nội dung sách tìm hiểu con đường tìm đến với văn học Chăm nói chung, văn học dân gian Chăm nói riêng, sử thi Akayet, thơ ca trữ tình - thế sự....
Bewaard in:
| Hoofdauteur: | |
|---|---|
| Formaat: | Boek |
| Taal: | Undetermined |
| Gepubliceerd in: |
Hà Nội
Hội Nhà văn
2019
|
| Onderwerpen: | |
| Tags: |
Voeg label toe
Geen labels, Wees de eerste die dit record labelt!
|
| Thư viện lưu trữ: | Trung tâm Học liệu Trường Đại học Cần Thơ |
|---|
| LEADER | 00831nam a2200205Ia 4500 | ||
|---|---|---|---|
| 001 | CTU_236742 | ||
| 008 | 210402s9999 xx 000 0 und d | ||
| 082 | |a 398.209597 | ||
| 082 | |b I.35 | ||
| 100 | |a Inrasara | ||
| 245 | 0 | |a Văn học Chăm khái luận : | |
| 245 | 0 | |b Nghiên cứu, phê bình văn học | |
| 245 | 0 | |c Inrasara | |
| 260 | |a Hà Nội | ||
| 260 | |b Hội Nhà văn | ||
| 260 | |c 2019 | ||
| 520 | |a Nội dung sách tìm hiểu con đường tìm đến với văn học Chăm nói chung, văn học dân gian Chăm nói riêng, sử thi Akayet, thơ ca trữ tình - thế sự.... | ||
| 650 | |a Folk literature,Văn học dân gian,Literature of Champa,Văn học Chăm | ||
| 910 | |b dqhieu | ||
| 980 | |a Trung tâm Học liệu Trường Đại học Cần Thơ | ||